|
|
|
|
| LEADER |
00000nab a2200000 a 4500 |
| 001 |
vtls000412673 |
| 003 |
SK-MaSNL |
| 005 |
20260303235854.0 |
| 008 |
230120c1991 xo 0 slo |
| 015 |
|
|
|a SNBRB19rr/mm-uuuuu
|
| 035 |
|
|
|a CL0412798
|
| 035 |
|
|
|a urn:nbn:sk:snk-abbln0
|
| 035 |
|
|
|a (urnnbn)urn:nbn:sk:snk:ar-0062nc
|
| 035 |
|
|
|a (uuid)4d3e4643-f52e-4070-9cc5-42ca256811ff
|
| 040 |
|
|
|a SNKBUCL
|b slo
|c SNKBUCL
|e AACR2
|
| 041 |
0 |
|
|a slo
|
| 044 |
|
|
|a xo
|c SK
|
| 080 |
|
|
|a 631.174:631.82+632.95
|2 1981
|
| 080 |
|
|
|a 631.82
|2 1981
|
| 080 |
|
|
|a 632.95
|2 1981
|
| 080 |
|
|
|a 633
|2 1981
|
| 080 |
|
|
|a 631.174
|2 1981
|
| 100 |
1 |
|
|a rf
|4 aut
|9 845216
|
| 245 |
1 |
0 |
|a Tridsiatedruhé Dni novej techniky v chemizácii rastlinnej výroby
|c rf
|
| 650 |
0 |
7 |
|a chemizácia poľnohospodárstva
|2 snkbucl
|9 166143
|
| 650 |
0 |
7 |
|a rastlinná výroba
|2 snkbucl
|9 2835
|
| 655 |
|
7 |
|a články z novín a časopisov
|2 snkbucl
|9 267496
|
| 773 |
0 |
|
|t Agrochémia
|g Roč. 31, č. 3 (1991), s. 66-67
|
| 850 |
|
|
|a Slovenská národná knižnica v Martine
|a MTA001
|
| 852 |
|
|
|a SNK
|b KIS3GCP
|
| 954 |
|
|
|a odborná, vedecká literatúra pôvodná (slovenská)
|2 lita
|
| 957 |
|
|
|a 5100
|
| 958 |
|
|
|a OND
|
| 958 |
|
|
|a RK
|
| 958 |
|
|
|a EUIPO
|
| 958 |
|
|
|a article15
|
| 992 |
|
|
|a RBX
|
| 999 |
|
|
|c 2528259
|d 2530189
|